000
00307 a2200145 4500
001
62265
020
_a
040
_c
Anchieta - Pituba
240
1
0
_a
Grimm's fairy tales
_l
por
245
1
0
_a
Grimm's fairy tales
300
_a
45
362
0
_a
1992
650
4
_a
Literatura juvenil em inglês
942
_c
BK
999
_c
62265
_d
62265